The Hour of departure: forces that create refugees and migrants (Record no. 45683)

MARC details
000 -LEADER
fixed length control field 00783nam a2200217 a 4500
008 - FIXED-LENGTH DATA ELEMENTS--GENERAL INFORMATION
fixed length control field 120416s1995 ||||||||||||||||| || u
020 ## - INTERNATIONAL STANDARD BOOK NUMBER
International Standard Book Number 1878071262
050 ## - LIBRARY OF CONGRESS CALL NUMBER
Classification number HV 640 Kan
100 ## - MAIN ENTRY--PERSONAL NAME
Personal name Peterson, Jane A
245 14 - TITLE STATEMENT
Title The Hour of departure: forces that create refugees and migrants
260 ## - PUBLICATION, DISTRIBUTION, ETC.
Place of publication, distribution, etc. Washington, D.C.
Name of publisher, distributor, etc. Worldwatch Institute
Date of publication, distribution, etc. 1995
300 ## - PHYSICAL DESCRIPTION
Extent 56p. : ill
350 ## - PRICE (NR) (BK AM CF MU VM SE) [OBSOLETE]
Price 0.00
650 #0 - SUBJECT ADDED ENTRY--TOPICAL TERM
Topical term or geographic name entry element EMIGRATION AND IMMIGRATION--ECONOMIC ASPECTS
650 ## - SUBJECT ADDED ENTRY--TOPICAL TERM
Topical term or geographic name entry element Migration, Internal
650 ## - SUBJECT ADDED ENTRY--TOPICAL TERM
Topical term or geographic name entry element Political refugees
650 #0 - SUBJECT ADDED ENTRY--TOPICAL TERM
Topical term or geographic name entry element EMIGRATION AND IMMIGRATION--SOCIAL ASPECTS
650 ## - SUBJECT ADDED ENTRY--TOPICAL TERM
Topical term or geographic name entry element EXILES
700 ## - ADDED ENTRY--PERSONAL NAME
Personal name Kane, Hal
995 ## - RECOMMENDATION 995 [LOCAL, UNIMARC FRANCE]
-- 0.00
-- CBU-MAIN LIBRARY (Kitwe)
-- 1
-- 11.95
-- AVAILABLE
-- Annex Low-Usage Collection
Holdings
Withdrawn status Lost status Source of classification or shelving scheme Damaged status Not for loan Home library Current library Shelving location Date acquired Total Checkouts Full call number Barcode Date last seen Price effective from Koha item type
          CBU-MAIN LIBRARY, KITWE. CBU-MAIN LIBRARY, KITWE.   11/30/2022   HV 640 Kan 025019 11/30/2022 11/30/2022 MONOGRAPH